[Event "Wichern op 6th"]
[Site "Hamburg"]
[Date "2001.10.15"]
[Round "3.43"]
[White "Lukas, Manfred"]
[Black "Ayan, Teoman"]
[Result "1/2-1/2"]
[WhiteElo "2094"]
[BlackElo "1910"]
[PlyCount "53"]
[EventDate "2001.10.21"]
[EventType "swiss"]
[EventRounds "9"]
[EventCountry "GER"]
[SourceTitle "EXT 2002"]
[Source "ChessBase"]
[SourceDate "2001.11.25"]
[SourceVersion "1"]
[SourceVersionDate "2001.11.25"]
[SourceQuality "1"]

1. e4 c5 2. d4 cxd4 3. c3 d3 4. Bxd3 Nc6 5. c4 d6 6. Nc3 Nf6 7. b3 e6 8. Nf3 Be7 9. 0-0 0-0 10. Bb2 Qc7 11. Rc1 Rd8 12. Qe2 a5 13. h3 Qb8 14. a3 Nd7 15. Bb1 Bf6 16. Rcd1 Nce5 17. Nxe5 dxe5 18. Rd3 Nf8 19. Rfd1 Bd7 20. Nb5 Bxb5 21. cxb5 Qc7 22. Rxd8 Rxd8 23. Rxd8 Qxd8 24. Qd3 Qxd3 25. Bxd3 Nd7 26. Bc3 Be7 27. Bb2 1/2-1/2